书目信息 |
| 题名: |
数字雕塑技法与3D打印
|
|
| 作者: | 张盛 著 | |
| 分册: | ||
| 出版信息: | 北京 清华大学出版社 2019.7 |
|
| 页数: | 15,359页 | |
| 开本: | 26cm | |
| 丛书名: | ||
| 单 册: | ||
| 中图分类: | J31 , TS853 | |
| 科图分类: | ||
| 主题词: | 数字技术--应用--雕塑技法 , 立体印刷--印刷术 | |
| 电子资源: | ||
| ISBN: | 978-7-302-51496-1 | |
| 000 | 01236nam0 2200289 45 | |
| 001 | 012001001224 | |
| 005 | 20130910174135.0 | |
| 010 | @a978-7-302-51496-1@dCNY139.00 | |
| 100 | @a20190508d2019 em y0chiy0110 ea | |
| 101 | 0 | @achi |
| 102 | @aCN@b110000 | |
| 105 | @aa z 000yy | |
| 106 | @ar | |
| 200 | 1 | @a数字雕塑技法与3D打印@Ashu zi diao su ji fa yu 3D da yin@f张盛著 |
| 210 | @a北京@c清华大学出版社@d2019.7 | |
| 215 | @a15,359页@c彩图@d26cm | |
| 300 | @a并列题名:Digital sculpture technique & 3D printing | |
| 312 | @a封面英文题名:Digital sculpture technique & 3D printing | |
| 330 | @a本书通过具有很强的代表性、多个世界雕塑经典名作案例和作者近年来参与设计实施的大型雕塑项目,阐述了数字技术对雕塑影响、数字雕塑虚拟材料特性的分析、数字技术的特点等。书中由浅入深,详细讲解了中文版zbrush为主的数字雕塑技术,并深入讲述了3d打印、3d扫描和CNC精雕成型等创作雕塑作品和雕塑项目的全流程,为广大雕塑、手办等相关领域的学子开启了一条学习的捷径。 | |
| 510 | 1 | @aDigital sculpture technique & 3D printing@zeng |
| 606 | 0 | @a数字技术@x应用@x雕塑技法 |
| 606 | 0 | @a立体印刷@x印刷术 |
| 690 | @aJ31@v5 | |
| 690 | @aTS853@v5 | |
| 701 | 0 | @a张盛@Azhang sheng@4著 |
| 801 | @aCN@b江苏凤凰@c20211018 | |
| 905 | @b1342674-6@dJ31@e50@f3 | |
| 数字雕塑技法与3D打印/张盛著.-北京:清华大学出版社,2019.7 |
| 15,359页:彩图;26cm |
| 并列题名:Digital sculpture technique & 3D printing |
| ISBN 978-7-302-51496-1:CNY139.00 |
| 本书通过具有很强的代表性、多个世界雕塑经典名作案例和作者近年来参与设计实施的大型雕塑项目,阐述了数字技术对雕塑影响、数字雕塑虚拟材料特性的分析、数字技术的特点等。书中由浅入深,详细讲解了中文版zbrush为主的数字雕塑技术,并深入讲述了3d打印、3d扫描和CNC精雕成型等创作雕塑作品和雕塑项目的全流程,为广大雕塑、手办等相关领域的学子开启了一条学习的捷径。 |
| ● |
| 相关链接 |
|
|
|
|
正题名:数字雕塑技法与3D打印
索取号:J31/50
 
预约/预借
| 序号 | 登录号 | 条形码 | 馆藏地/架位号 | 状态 | 备注 |
| 1 | 1342674 | 213426746 | 第一样本阅览室/ [索取号:J31/50] | 在馆 | |
| 2 | 1342675 | 213426755 | 第一借阅区/ [索取号:J31/50] | 在馆 | |
| 3 | 1342676 | 213426764 | 第一借阅区/ [索取号:J31/50] | 在馆 |